000 00459cam a2200169 4500
001 6680
005 20250411152819.0
008 250411b |||||||| |||| 00| 0 eng d
010 _a 2016297775
082 _a613.9 MoH
110 _4Ministry of Health.
245 0 4 _aReproductive health :
_hbeyond the birds and the bees.
250 _a2nd ed.
264 1 _aThimphu :
_bMinistry of Health,
_c2009.
300 _a84 p. ;
_c25 cm.
_bill. ;
942 _2ddc
_cMAIN
999 _c10221
_d10222